Responses for show #8295 - Friday, December 4, 2020

Contestants

[<< previous game]

Katherine Ryan, a nonprofit executive originally from Chapel Hill, North Carolina

Josh Atkins, an elementary music teacher from Phoenix, Arizona

Fred Nelson, a university professor originally from Manhattan, Kansas (whose 1-day cash winnings total $20,001)

[next game >>]

Jeopardy! Round responses

ACTRESSES
MISCELLANY
THE GREAT LAKES
MINING
IT CAME TO THEM IN A DREAM
SMART ANSWERS
    $200 1
This is Us

Josh
    $200 3
Ohio State

Fred
    $200 15
the otter

Josh
    $200 22
salt

Fred
    $200 17
Paul McCartney

Katherine
    $200 19
sharp

Josh
    $400 2
(Fred: Who is Saoirse Ronan?)

Emma Watson

Fred
Triple Stumper
    $400 5
the Loch Ness Monster

Katherine
    $400 16
the St. Lawrence

Katherine
    $400 23
a seam

Fred
    $400 6
James Cameron

Fred
    $400 20
(Fred: What is think?)

wise

Fred
Triple Stumper
    $600 4
Felicity Huffman

Josh
    $600 14
the Constitution

Triple Stumper
    $600 21
(Fred: What is Ohio?)
...
(Alex: Ohio would be Lake Erie.)

New York

Fred
Triple Stumper
    $600 24
silver

Fred
    $600 7
Jack Nicklaus

Fred
    $600 9
canny

Triple Stumper
    $800 12
Sand and Fog

Fred
    $800 10
Chris Matthews

Josh
    $1,000 26
(Josh: Who is Laclède?)

Samuel de Champlain

Josh
    $800 25
a pickaxe

Josh
    $800 8
a sewing machine

Katherine
    $800 27
a genius

Katherine
    $1000 13
Helena Bonham Carter

Josh
    $1000 11
Planned Parenthood

Fred
    $1000 29
the Straits of Mackinac

Triple Stumper
    $1000 30
diamonds

Fred
    $1000 18
Mary Shelley

Josh
    $1000 28
brains

Fred

Scores at the first commercial break (after clue 16):

Fred Josh Katherine
$2,600 $2,800 $1,600

Scores at the end of the Jeopardy! Round:

Fred Josh Katherine
$4,800 $3,800 $2,600

Double Jeopardy! Round responses

19th CENTURY LITERATURE
NICKNAMES
DUET PARTNERS
FRENCH ARTS & CULTURE
DOUBLE THE SAME VOWEL
"H"ISTORY
    $400 26
St. Nicholas

Fred
    $400 19
Fat Man

Katherine
    $400 2
Lady Gaga

Katherine
    $400 16
(Katherine: What is the loss of their virginity?)

their wedding

JoshKatherine
    $400 15
a spool

Fred
    $400 8
Hapsburg

Fred
    $800 25
Treasure Island

Katherine
    $800 23
(Alex: And here are, [*]s.)

Cancer

Triple Stumper
    $800 4
John Travolta & Olivia Newton-John

Fred
    $800 12
Le Cordon Bleu

Katherine
    $800 17
an igloo

Josh
    $800 1
Herod

Josh
    $1200 3
(Fred: Who is Dostoevsky?)

(Leo) Tolstoy

FredJosh
    $1200 13
Lambeau Field

Josh
    $1200 5
lucky

Fred
    $1200 14
the new wave

Katherine
    $1200 18
a nominee

Josh
    $1,000 9
(Fred: What is the Haitian War?)

the Hundred Years' War

Fred
    $2,000 20
Jules Verne

Katherine
    $1600 21
the pelican

Josh
    $1600 6
Gotye

Josh
    $1600 28
the Bayeux Tapestry

Fred
    $1600 24
a chickadee

Katherine
    $1600 10
Hirohito

Katherine
    $2000 27
(Stephen) Crane

Katherine
    $2000 22
the "Napoléon of crime"

Triple Stumper
    $2000 7
(Josh: Who is Meghan Trainor?)

Selena Gomez

Josh
Triple Stumper
    $2000 29
Saint-Saëns

Fred
    $2000 30
Canaan

Fred
    $2000 11
Haile Selassie

Katherine

Scores at the end of the Double Jeopardy! Round:

Fred Josh Katherine
$11,400 $10,600 $15,000

[wagering suggestions for these scores]

Final Jeopardy! Round responses

ISLAND NATIONS
JoshWhat is Sicily Cyprus?
$5,000
FredWhat is Cyprus?
$9,001
KatherineWhat is Cyprus Malta
$7,801
Malta

Final scores:

Fred Josh Katherine
$2,399 $5,600 $22,801
3rd place: $1,000 2nd place: $2,000 New champion: $22,801

Game dynamics:

Coryat scores:

Fred Josh Katherine
$12,400 $11,600 $14,600
18 R,
5 W
(including 1 DD)
16 R,
2 W
(including 1 DD)
15 R
(including 1 DD),
1 W

Combined Coryat: $38,600

The J! Archive is created by fans, for fans. The Jeopardy! game show and all elements thereof, including but not limited to copyright and trademark thereto, are the property of Jeopardy Productions, Inc. and are protected under law. This website is not affiliated with, sponsored by, or operated by Jeopardy Productions, Inc. Join the discussion at JBoard.tv.